000 00263nam a2200109Ia 4500
008 190216s9999||||xx |||||||||||||| ||und||
100 _aSurendran K
245 0 _aSwathanthryam Thanne Jeevitham
260 _bNbs Kottayam
650 _aEssay Malayalam
942 _cBK
999 _c23913
_d23913